| 000 | 00648nam a2200217 a 4500 | ||
|---|---|---|---|
| 005 | 20260417064122.0 | ||
| 008 | 030409s1999 es r 000 0 spa d | ||
| 020 | _a8489042209 | ||
| 035 | _aUPN01000123723 | ||
| 049 | _aCG | ||
| 050 | 4 |
_aLC197 _bW4.48 |
|
| 100 | 1 | _aWeiner, Gaby | |
| 245 | 1 | 4 |
_aLos feminismos en la educación / _cGaby Weiner ; tr. Pablo Manzano Bernárdez. |
| 260 |
_aSevilla, Esp. : _bM.C.E.P., _c1999. |
||
| 300 | _a188 p. | ||
| 440 | 0 |
_aIdeología, pensamiento y educación ; _v6 |
|
| 650 | 4 |
_aFeminismo y educación _99163 |
|
| 650 | 4 |
_aMujeres _xEducación _9182 |
|
| 650 | 4 |
_aPedagogía crítica _98121 |
|
| 905 | _aLibro | ||
| 999 |
_c95902 _d95902 |
||